College Quizbowl Stats
College Quizbowl Stats
Circuits
Seasons
Sets
Records
Detailed Stats
About
Loading...
UK (South)
Tossups
Bonuses
Players
Teams
Categories (Tossup)
Categories (Bonus)
Roger Peng
LSE A
Categories
Category
Powers
Gets
Negs
BBs
Points
Earliest Buzz
Avg. Buzz
First Buzzes
Top 3 Buzzes
BPA
PVF
History - European
0
2
0
0
20
41
65.00
0
1
4.30
4.04
Science - Biology
0
2
0
0
20
71
83.50
0
0
3.92
3.75
Fine Arts - Classical Music
0
1
0
0
10
102
102.00
0
0
1.64
3.75
Science - Other
0
1
0
1
10
110
110.00
0
0
0.00
1.25
Buzzes
Category
Answer
Value
Buzz Position
History - European
Serbia
10
41
Science - Biology
knees
10
71
History - European
Isle of Man
10
89
Science - Biology
tuberculosis
10
96
Fine Arts - Classical Music
The Planets
10
102
Science - Other
RADAR
10
110
Previous
1
Next